Hướng dẫn giải bài tập giải tích toán học

Guardat en:
Dades bibliogràfiques
Autor principal: Nguyễn, Thủy Thanh
Format: Llibre
Idioma:Undetermined
Publicat: Hà Nội Đại học Quốc gia Hà Nội 2002
Matèries:
Etiquetes: Afegir etiqueta
Sense etiquetes, Sigues el primer a etiquetar aquest registre!
Thư viện lưu trữ: Trung tâm Học liệu Trường Đại học Cần Thơ
LEADER 00610nam a2200193Ia 4500
001 CTU_94943
008 210402s9999 xx 000 0 und d
020 |c 23000 
082 |a 515.076 
082 |b Th107/T.2 
100 |a Nguyễn, Thủy Thanh 
245 0 |a Hướng dẫn giải bài tập giải tích toán học 
245 0 |c Nguyễn Thủy Thanh, Đỗ Đức Giao 
260 |a Hà Nội 
260 |b Đại học Quốc gia Hà Nội 
260 |c 2002 
650 |a Mathematical analysis 
904 |i Trúc 
980 |a Trung tâm Học liệu Trường Đại học Cần Thơ